[Event "Ct. Catalunya eq DH"]
[Site "?"]
[Date "2012.04.21"]
[Round "11.7"]
[White "Aloma Vidal, R."]
[Black "Yepes Martinez, E."]
[Result "1-0"]
[WhiteElo "2485"]
[BlackElo "2313"]
[PlyCount "55"]
[EventDate "2012.??.??"]
[EventType "team"]
[EventRounds "11"]

1. d4 f5 2. e4 fxe4 3. Nc3 Nf6 4. Bg5 Nc6 5. d5 Ne5 6. Qe2 c6 7. Bxf6 gxf6 8.
f4 Nf7 9. Qxe4 e6 10. dxe6 dxe6 11. Bc4 f5 12. Qe2 Bb4 13. Nf3 O-O 14. O-O Qf6
15. Rae1 Re8 16. Ne5 Nxe5 17. fxe5 Qg5 18. Rf3 Kh8 19. Rg3 Qh4 20. Rh3 Qg5 21.
Rf1 b5 22. Ne4 fxe4 23. Qxe4 Qg7 24. Bd3 Re7 25. Qxb4 c5 26. Qxc5 Bd7 27. Rxh7+
Qxh7 28. Bxh7 1-0

[Event "Ct. Catalunya eq DH"]
[Site "?"]
[Date "2012.04.21"]
[Round "11.7"]
[White "Gardela Batlle, J."]
[Black "Rivas Garcia, V."]
[Result "0-1"]
[WhiteElo "2277"]
[BlackElo "2320"]
[PlyCount "90"]
[EventDate "2012.??.??"]
[EventType "team"]
[EventRounds "11"]

1. Nf3 f5 2. c4 Nf6 3. g3 d6 4. Bg2 g6 5. d4 Bg7 6. Nc3 O-O 7. O-O c6 8. Rb1
Qc7 9. b4 e5 10. c5 e4 11. cxd6 Qxd6 12. Ng5 Nd5 13. Qb3 Kh8 14. Nxd5 Qxd5 15.
Qxd5 cxd5 16. h4 Nc6 17. e3 h6 18. Nh3 Be6 19. Bd2 Rfc8 20. Rfc1 Bf8 21. Bf1
Be7 22. Nf4 Bf7 23. Bb5 g5 24. Bxc6 bxc6 25. hxg5 hxg5 26. Ne2 Kg7 27. Kf1 Rh8
28. Kg2 Rh6 29. Ng1 a6 30. Rb3 Be8 31. Ra3 Bd6 32. Nh3 Kf6 33. Ra5 Bd7 34. Ng1
f4 35. exf4 gxf4 36. Bxf4 Bxf4 37. gxf4 Rg8+ 38. Kf1 Rh1 39. Ke2 Rgxg1 40. Rxg1
Rxg1 41. Rxa6 Rb1 42. a3 Kf5 43. Ra8 Kxf4 44. Rf8+ Kg4 45. f3+ exf3+ 0-1

[Event "Ct. Catalunya eq DH"]
[Site "?"]
[Date "2012.04.21"]
[Round "11.7"]
[White "Pijuan Herranz, M."]
[Black "Ayas Fernandez, A."]
[Result "1/2-1/2"]
[WhiteElo "2327"]
[BlackElo "2356"]
[PlyCount "119"]
[EventDate "2012.??.??"]
[EventType "team"]
[EventRounds "11"]

1. d4 Nf6 2. Nf3 e6 3. g3 c5 4. c4 cxd4 5. Nxd4 d5 6. Bg2 e5 7. Nb3 d4 8. O-O
Nc6 9. Bg5 Be7 10. N1d2 O-O 11. e3 Bg4 12. Qb1 a5 13. Bxf6 Bxf6 14. Qe4 Bc8 15.
exd4 exd4 16. Nc5 Qb6 17. Nd3 g6 18. Qf4 Bg7 19. Ne4 Nb4 20. Ndc5 a4 21. a3 Nc6
22. Nd3 Be6 23. Rac1 Ra5 24. Nf6+ Bxf6 25. Qxf6 Qb3 26. Bxc6 Qxd3 27. Rfd1 Qb3
28. Bb5 Qxb2 29. Qxd4 Qxa3 30. Ra1 Qf3 31. Rd3 Qe2 32. Re3 Qc2 33. Qb6 Raa8 34.
Qxb7 Bxc4 35. Bxc4 Qxc4 36. Re4 Qc2 37. Qe7 a3 38. Re2 Qc3 39. Rea2 Rfe8 40.
Qd6 Re1+ 41. Rxe1 Qxe1+ 42. Kg2 Qe4+ 43. f3 Qa4 44. Qd3 Qb4 45. h4 h5 46. Qd5
Rc8 47. Re2 Qc4 48. Re8+ Kh7 49. Qxc4 Rxc4 50. Ra8 Rc3 51. g4 hxg4 52. fxg4 f5
53. gxf5 gxf5 54. Ra6 Rc2+ 55. Kg3 a2 56. Kf4 Rf2+ 57. Kg3 Rb2 58. Kf4 Rf2+ 59.
Kg3 Rb2 60. Kf4 1/2-1/2

[Event "Ct. Catalunya eq DH"]
[Site "?"]
[Date "2012.04.21"]
[Round "11.7"]
[White "Quintas Galeano, L."]
[Black "Martin Gonzalez, A."]
[Result "1/2-1/2"]
[WhiteElo "2238"]
[BlackElo "2418"]
[PlyCount "67"]
[EventDate "2012.??.??"]
[EventType "team"]
[EventRounds "11"]

1. e4 c5 2. Nc3 Nc6 3. d3 g6 4. Be3 b6 5. d4 cxd4 6. Bxd4 Nxd4 7. Qxd4 f6 8.
Bc4 Bb7 9. Nf3 Nh6 10. O-O-O Ng4 11. Be6 Bh6+ 12. Kb1 dxe6 13. Qa4+ Kf7 14.
Rxd8 Rhxd8 15. Rf1 Bf4 16. e5 fxe5 17. Ne4 Nxh2 18. Nfg5+ Kg8 19. Re1 Bd5 20.
c4 Bb7 21. Nxe6 Rd3 22. f3 Rc8 23. Nxf4 exf4 24. Rd1 Bc6 25. Qc2 Rxd1+ 26. Qxd1
Ng4 27. Qd4 Ne3 28. Qe5 Bxe4+ 29. fxe4 Rf8 30. Qxe7 Nxg2 31. Qe6+ Rf7 32. Qe8+
Rf8 33. Qe6+ Rf7 34. Qe8+ 1/2-1/2

[Event "Ct. Catalunya eq DH"]
[Site "?"]
[Date "2012.??.??"]
[Round "11.7"]
[White "Vazquez Kaufmann, D."]
[Black "Martinez Ramirez, E."]
[Result "1/2-1/2"]
[WhiteElo "2174"]
[BlackElo "2379"]
[PlyCount "50"]
[EventDate "2012.??.??"]
[EventType "team"]
[EventRounds "11"]

1. e4 c5 2. Nf3 g6 3. d4 cxd4 4. Nxd4 Nf6 5. Nc3 Nc6 6. Nxc6 bxc6 7. e5 Ng8 8.
Bc4 Bg7 9. Qf3 f5 10. Bf4 e6 11. O-O-O Qc7 12. h4 Rb8 13. h5 Nh6 14. hxg6 hxg6
15. Qg3 Ng4 16. f3 Nxe5 17. Rxh8+ Bxh8 18. Rh1 Bf6 19. Re1 d6 20. Bxe5 Bxe5 21.
f4 Bxc3 22. Qxc3 d5 23. Qh8+ Ke7 24. Qg7+ Kd8 25. Qf8+ Kd7 1/2-1/2

[Event "Ct. Catalunya eq DH"]
[Site "?"]
[Date "2012.04.21"]
[Round "11.8"]
[White "Bosque Ortega, X."]
[Black "Fernandez Serrano, P."]
[Result "0-1"]
[WhiteElo "2322"]
[BlackElo "2258"]
[PlyCount "110"]
[EventDate "2012.??.??"]
[EventType "team"]
[EventRounds "11"]

1. d4 d6 2. Bf4 g6 3. e3 Bg7 4. Nf3 Nd7 5. h3 e5 6. Bh2 Qe7 7. Be2 Nh6 8. Nc3
c6 9. dxe5 dxe5 10. Ne4 Qb4+ 11. Nfd2 O-O 12. c3 Qe7 13. Nc4 Nb6 14. Qd6 Qh4
15. Nxb6 axb6 16. Nd2 Nf5 17. Qc7 Nxe3 18. Bg3 Nxg2+ 19. Kf1 Ne3+ 20. Kg1 Nd5
21. Qd6 Qe7 22. Qxe7 Nxe7 23. Nc4 Be6 24. Nxb6 Rxa2 25. Rxa2 Bxa2 26. Kh2 Be6
27. Ra1 Nc8 28. Nc4 f6 29. Na5 Nd6 30. Rd1 Rd8 31. f4 Kf8 32. fxe5 fxe5 33. Bf3
Bc8 34. Bh4 Rd7 35. Bg5 Ke8 36. Nxc6 Nc4 37. Rxd7 Kxd7 38. Nb4 Nxb2 39. Bg4+
Kc7 40. Nd5+ Kb8 41. Be2 Na4 42. Be7 Be6 43. Bd6+ Kc8 44. Nc7 Bd7 45. c4 Nc3
46. Bd3 e4 47. Bc2 e3 48. Kg2 e2 49. Kf2 Bxh3 50. Nb5 Nxb5 51. cxb5 Bg4 52. Bb4
Bd4+ 53. Ke1 Kd7 54. Bd3 Ke6 55. Be4 Bf6 0-1

[Event "Ct. Catalunya eq DH"]
[Site "?"]
[Date "2012.04.21"]
[Round "11.8"]
[White "Garrido Fernandez, D."]
[Black "Vehi Bach, VM."]
[Result "1/2-1/2"]
[WhiteElo "2346"]
[BlackElo "2430"]
[PlyCount "42"]
[EventDate "2012.??.??"]
[EventType "team"]
[EventRounds "11"]

1. e4 c5 2. Nf3 e6 3. d3 Nc6 4. g3 d5 5. Qe2 Nf6 6. Bg2 Be7 7. O-O O-O 8. e5
Nd7 9. c4 Nb6 10. Rd1 Bd7 11. h4 a5 12. Nc3 a4 13. Bf4 Nd4 14. Qf1 Bc6 15. Ne2
Nxf3+ 16. Bxf3 Qc7 17. Nc3 dxc4 18. Bxc6 Qxc6 19. dxc4 Rfd8 20. Qe2 Rd4 21. b3
Rad8 1/2-1/2

[Event "Ct. Catalunya eq DH"]
[Site "?"]
[Date "2012.03.21"]
[Round "11.8"]
[White "Gonzalez Rodriguez, RO."]
[Black "Serra Pages, J."]
[Result "1/2-1/2"]
[WhiteElo "2301"]
[BlackElo "2292"]
[PlyCount "62"]
[EventDate "2012.??.??"]
[EventType "team"]
[EventRounds "11"]

1. Nf3 Nf6 2. g3 b6 3. Bg2 Bb7 4. d3 d5 5. O-O Nbd7 6. Nbd2 e5 7. e4 dxe4 8.
Ng5 Nc5 9. b4 h6 10. Nxf7 Kxf7 11. bxc5 Bxc5 12. Nxe4 Bxe4 13. Bxe4 Nxe4 14.
dxe4 Qxd1 15. Rxd1 Bd4 16. Rb1 Rad8 17. Kf1 Rd6 18. Bd2 Rf6 19. Be1 Ke6 20. Ke2
g5 21. f3 Rhf8 22. Rb3 c5 23. c4 h5 24. h3 g4 25. hxg4 hxg4 26. fxg4 Rh6 27.
Rd2 Rh1 28. g5 Rff1 29. Rd1 Rf8 30. Rd2 Rff1 31. Rd1 Rf8 1/2-1/2

[Event "Ct. Catalunya eq DH"]
[Site "?"]
[Date "2012.04.21"]
[Round "11.8"]
[White "Mestre Bellido, H."]
[Black "Codina Garcia, J."]
[Result "1/2-1/2"]
[WhiteElo "2380"]
[BlackElo "2228"]
[PlyCount "94"]
[EventDate "2012.??.??"]
[EventType "team"]
[EventRounds "11"]

1. e4 d6 2. d4 g6 3. Be3 Bg7 4. Nc3 Nd7 5. Bc4 c6 6. a4 Ngf6 7. Nf3 d5 8. Bb3
dxe4 9. Ng5 O-O 10. O-O h6 11. Ngxe4 Nxe4 12. Nxe4 Kh7 13. c3 f5 14. Nc5 Nxc5
15. dxc5 Qc7 16. f4 e5 17. Qd6 Qxd6 18. cxd6 e4 19. Rfd1 Bd7 20. a5 Bf6 21. Ra4
Rfb8 22. Kf2 Kg7 23. Ke2 Kf8 24. Kd2 Kg7 25. Kc2 Kf8 26. Rb4 Kg7 27. Bc4 Bd8
28. Ra1 Kf8 29. Bd4 Ke8 30. Be5 b5 31. axb6 axb6 32. Rxa8 Rxa8 33. Rb3 b5 34.
Be2 Ra4 35. c4 b4 36. Bd4 Be6 37. Bc5 Ba5 38. Rg3 Bf7 39. Kb1 Bd8 40. b3 Ra8
41. Bxb4 Rb8 42. Ba3 Kd7 43. Kc2 Bh4 44. Rh3 Bf6 45. c5 Ra8 46. b4 Bd4 47. Kb1
Rb8 1/2-1/2

[Event "Ct. Catalunya eq DH"]
[Site "?"]
[Date "2012.04.24"]
[Round "11.8"]
[White "Sadrija, E."]
[Black "Castellet Giralt, G."]
[Result "1/2-1/2"]
[WhiteElo "2261"]
[BlackElo "2311"]
[PlyCount "32"]
[EventDate "2012.??.??"]
[EventType "team"]
[EventRounds "11"]

1. c4 c5 2. Nc3 g6 3. d4 cxd4 4. Qxd4 Nf6 5. e4 Nc6 6. Qd1 Bg7 7. Nf3 O-O 8.
Be2 d6 9. h3 Bd7 10. Rb1 Rc8 11. O-O h6 12. Be3 Be6 13. Qd2 Kh7 14. b3 Nd7 15.
Nd5 Nc5 16. Qc2 a5 1/2-1/2

[Event "Ct. Catalunya eq DH"]
[Site "?"]
[Date "2012.04.21"]
[Round "11.9"]
[White "Lorente Muñoz, R."]
[Black "Mingo Fernandez, M."]
[Result "0-1"]
[WhiteElo "2059"]
[BlackElo "2302"]
[PlyCount "77"]
[EventDate "2012.??.??"]
[EventType "team"]
[EventRounds "11"]

1. d4 d5 2. c4 e6 3. Nc3 Nf6 4. Nf3 c6 5. g3 Be7 6. Bg2 O-O 7. O-O b6 8. Bf4
Bb7 9. Ne5 Nfd7 10. Ng4 a6 11. cxd5 cxd5 12. h4 Nc6 13. Qd2 b5 14. a3 Na5 15.
Qd1 Rc8 16. Bf3 Nc4 17. Qb3 Qb6 18. Rad1 Bc6 19. Ne3 Bf6 20. Nc2 a5 21. Rfe1
Rfd8 22. Bc1 Be7 23. Bg2 b4 24. axb4 axb4 25. Na2 Na5 26. Qf3 b3 27. Nab4 bxc2
28. Nxc6 Rxc6 29. Rd3 Bf6 30. e4 dxe4 31. Qxe4 Rc4 32. Qe2 Bxd4 33. Kh2 Nc5 34.
Ra3 Ncb3 35. Rxb3 Qxb3 36. Bh3 Rc6 37. Bf5 Bxb2 38. Bxb2 Qxb2 39. Rd1 0-1

[Event "Ct. Catalunya eq DH"]
[Site "?"]
[Date "2012.??.??"]
[Round "11.9"]
[White "Piera Pallares, JR."]
[Black "Asensio Liñan, T."]
[Result "1-0"]
[WhiteElo "1991"]
[BlackElo "2293"]
[PlyCount "55"]
[EventDate "2012.??.??"]
[EventType "team"]
[EventRounds "11"]

1. d4 Nf6 2. e3 e6 3. Bd3 c5 4. Nd2 Nc6 5. c3 cxd4 6. exd4 g6 7. f4 Bg7 8. Ngf3
Qc7 9. Ne4 Nd5 10. O-O f5 11. Neg5 Nxf4 12. g3 Nxd3 13. Qxd3 h6 14. Nh3 g5 15.
g4 Ne7 16. Nf2 b6 17. Bd2 Bb7 18. c4 Qc6 19. d5 exd5 20. Nd4 Qxc4 21. Nxf5 Be5
22. Rae1 Qc7 23. Rxe5 Qxe5 24. Re1 Qc7 25. Nxe7 Kd8 26. Qd4 Re8 27. Qf6 Qc5 28.
Nxd5+ 1-0

[Event "Ct. Catalunya eq DH"]
[Site "?"]
[Date "2012.04.21"]
[Round "11.9"]
[White "Vallverdu Miret, O."]
[Black "Ibañez Tarradellas, E."]
[Result "1/2-1/2"]
[WhiteElo "2205"]
[BlackElo "2380"]
[PlyCount "60"]
[EventDate "2012.??.??"]
[EventType "team"]
[EventRounds "11"]

1. e4 d5 2. exd5 Qxd5 3. Nc3 Qa5 4. Nf3 Nf6 5. d4 Ne4 6. Bd2 Nxd2 7. Nxd2 c6 8.
Nc4 Qc7 9. Qf3 g6 10. Ne5 Be6 11. Bc4 Bxc4 12. Nxc4 Bg7 13. O-O-O O-O 14. h4 h6
15. Rhe1 Na6 16. Qe4 e6 17. Ne5 Nb4 18. g4 Nd5 19. Nxd5 cxd5 20. Qd3 Rfc8 21.
f4 Bxe5 22. Rxe5 Qc4 23. Qxc4 Rxc4 24. f5 Re8 25. c3 f6 26. Rxe6 Rxe6 27. fxe6
Kf8 28. g5 hxg5 29. hxg5 Rc6 30. Re1 fxg5 1/2-1/2

[Event "Ct. Catalunya eq DH"]
[Site "?"]
[Date "2012.04.24"]
[Round "11.10"]
[White "Flores Vallcorba, J."]
[Black "Vives Jaume, O."]
[Result "0-1"]
[WhiteElo "2155"]
[BlackElo "1951"]
[PlyCount "34"]
[EventDate "2012.??.??"]
[EventType "team"]
[EventRounds "11"]

1. e4 c5 2. d4 cxd4 3. c3 dxc3 4. Nxc3 Nc6 5. Nf3 d6 6. h3 Nf6 7. Bc4 e6 8. O-O
a6 9. Bg5 Be7 10. a3 b5 11. Ba2 Bb7 12. Qe2 Rc8 13. Rfd1 Qc7 14. Rac1 Qb8 15.
b4 O-O 16. Nd5 exd5 17. exd5 Ne5 0-1

[Event "Ct. Catalunya eq DH"]
[Site "?"]
[Date "2012.04.23"]
[Round "11.10"]
[White "Heredia Tarrats, A."]
[Black "Bofill Mas, A."]
[Result "1/2-1/2"]
[WhiteElo "2271"]
[BlackElo "2417"]
[PlyCount "24"]
[EventDate "2012.??.??"]
[EventType "team"]
[EventRounds "11"]

1. e4 c5 2. Nf3 e6 3. d4 cxd4 4. Nxd4 Nf6 5. Nc3 d6 6. g4 Be7 7. g5 Nfd7 8. h4
Nc6 9. Be3 Nb6 10. Qe2 Ne5 11. O-O-O a6 12. Kb1 Bd7 1/2-1/2

[Event "Ct. Catalunya eq DH"]
[Site "?"]
[Date "2012.??.??"]
[Round "11.10"]
[White "Hernandez Casillas, JJ."]
[Black "Navas Joyanes, J de Dios"]
[Result "1-0"]
[WhiteElo "2269"]
[BlackElo "1861"]
[PlyCount "67"]
[EventDate "2012.??.??"]
[EventType "team"]
[EventRounds "11"]

1. c4 c5 2. Nc3 Nc6 3. g3 g6 4. Bg2 Bg7 5. d3 e6 6. e4 Nge7 7. Nge2 O-O 8. O-O
d5 9. cxd5 exd5 10. Nxd5 Nxd5 11. exd5 Nb4 12. Qb3 Re8 13. Be3 Qd6 14. a3 Na6
15. Rfe1 Nc7 16. Rac1 b6 17. d4 cxd4 18. Nxd4 Ba6 19. Nc6 Bb7 20. Bf4 Qd7 21.
Red1 Re2 22. Nd4 Bxd4 23. Rxc7 Bxf2+ 24. Kh1 Qe8 25. Bf3 Re7 26. d6 Bxf3+ 27.
Qxf3 Re1+ 28. Kg2 Rxd1 29. Qxd1 Be3 30. d7 Qd8 31. Qc2 Bxf4 32. gxf4 Kg7 33.
Qc3+ f6 34. Rc8 1-0

[Event "Ct. Catalunya eq DH"]
[Site "?"]
[Date "2012.04.21"]
[Round "11.10"]
[White "Oms Fuentes, L."]
[Black "Gensana Berzunces, J."]
[Result "1-0"]
[WhiteElo "2365"]
[BlackElo "2128"]
[PlyCount "101"]
[EventDate "2012.??.??"]
[EventType "team"]
[EventRounds "11"]

1. e4 e5 2. Nf3 Nf6 3. Nc3 d6 4. Bc4 Be7 5. d3 c6 6. h3 O-O 7. O-O Nbd7 8. a4
Nc5 9. b4 Ne6 10. b5 d5 11. Bb3 dxe4 12. Nxe4 Nxe4 13. dxe4 Qxd1 14. Rxd1 Nc5
15. bxc6 Nxb3 16. cxb3 bxc6 17. Nxe5 Bf6 18. f4 Be6 19. b4 Bxe5 20. fxe5 a5 21.
Bd2 axb4 22. Bxb4 Rfc8 23. Rdc1 h5 24. a5 Ra6 25. Bc5 Rca8 26. Bb6 c5 27. Kf2
c4 28. Ke3 Kf8 29. Kd4 Ke7 30. Rab1 Kd7 31. Rb5 Rc8 32. Kc3 g5 33. Rd1+ Ke8 34.
Rd6 g4 35. h4 Raa8 36. g3 Bd7 37. Rbd5 Be6 38. Rd1 Ke7 39. R6d2 Rcb8 40. Kb4
Rc8 41. Rc2 Ke8 42. Rc3 Ke7 43. Ra3 Rab8 44. Kc3 Rc6 45. Rb1 Ke8 46. a6 Ra8 47.
a7 Kd7 48. Ra2 Rcc8 49. Be3 Rc7 50. Rb8 Rc8 51. Rab2 1-0

[Event "Ct. Catalunya eq DH"]
[Site "?"]
[Date "2012.04.21"]
[Round "11.10"]
[White "Sanahuja Bardina, P."]
[Black "Lillo Ferrer, JM."]
[Result "0-1"]
[WhiteElo "2098"]
[BlackElo "2220"]
[PlyCount "52"]
[EventDate "2012.??.??"]
[EventType "team"]
[EventRounds "11"]

1. e4 g6 2. f4 d5 3. e5 c5 4. Nf3 Bg4 5. h3 Bxf3 6. Qxf3 e6 7. Bb5+ Nc6 8. O-O
Nge7 9. c3 Qb6 10. Bxc6+ Qxc6 11. d3 Nf5 12. Nd2 h5 13. Re1 Be7 14. Nf1 Rc8 15.
Be3 O-O 16. Bf2 d4 17. Qe2 Rfd8 18. Ng3 Nxg3 19. Bxg3 dxc3 20. bxc3 Rd7 21. Bf2
b5 22. Red1 a5 23. Rab1 b4 24. Qc2 Rdd8 25. Rd2 c4 26. Bd4 bxc3 0-1

[Event "Ct. Catalunya femeni"]
[Site "Lleida"]
[Date "????.??.??"]
[Round "1"]
[White "Arno Bendicho, X."]
[Black "Alfonso Nogue, B."]
[Result "0-1"]
[WhiteElo "1629"]
[BlackElo "2055"]
[PlyCount "102"]
[EventDate "2012.??.??"]
[EventType "swiss"]
[EventRounds "6"]

1. d4 Nf6 2. Nf3 e6 3. Bg5 c5 4. c3 h6 5. Bh4 cxd4 6. Bxf6 Qxf6 7. cxd4 b6 8.
e3 Bb7 9. Be2 Be7 10. O-O O-O 11. a3 d6 12. Nbd2 e5 13. Nc4 e4 14. Ne1 Nc6 15.
f4 d5 16. Ne5 Nxe5 17. dxe5 Qe6 18. Bg4 f5 19. Be2 Bc6 20. Qb3 Qd7 21. a4 Kh8
22. Nc2 Bc5 23. Rfd1 g5 24. Nd4 Bb7 25. Bb5 Qe7 26. Qc2 Rac8 27. Qf2 a6 28. Be2
Bxd4 29. exd4 Rc2 30. b3 gxf4 31. Re1 Qg5 32. Kh1 Rfc8 33. Qf1 R8c3 34. Rac1 f3
35. gxf3 Rxc1 36. f4 Rxe1 37. Qxe1 Qxf4 38. Qxc3 Qf2 39. Qc1 f4 40. Qf1 Qxf1+
41. Bxf1 f3 42. Kg1 e3 43. Bh3 a5 44. Bd7 Kg7 45. Kf1 Ba6+ 46. Bb5 Bc8 47. Ke1
Kg6 48. Bd3+ Kg5 49. Bb5 Bf5 50. Bc6 Kf4 51. Bb5 Ke4 0-1

[Event "Ct. Catalunya femeni"]
[Site "Lleida"]
[Date "????.??.??"]
[Round "1"]
[White "Martin Dinares, L."]
[Black "Castillo Escario, Y."]
[Result "0-1"]
[WhiteElo "1590"]
[BlackElo "1947"]
[PlyCount "46"]
[EventDate "2012.??.??"]
[EventType "swiss"]
[EventRounds "6"]

1. e4 e5 2. Nc3 Nf6 3. g3 Bc5 4. Bg2 Nc6 5. Nge2 O-O 6. O-O a6 7. d3 h6 8. a3
d6 9. Kh1 Ng4 10. Qe1 f5 11. h3 f4 12. hxg4 f3 13. Bxf3 Rxf3 14. Kg2 Bxg4 15.
Ng1 Nd4 16. Qd2 Qf8 17. Nd1 Ne6 18. Qe1 Rf6 19. Be3 Nd4 20. Qd2 Nf3 21. Nxf3
Bxf3+ 22. Kg1 Qf7 23. Bxc5 Qh5 0-1

[Event "Ct. Catalunya femeni"]
[Site "Lleida"]
[Date "????.??.??"]
[Round "1"]
[White "Riera Morilla, E."]
[Black "Martin Dinares, S."]
[Result "1/2-1/2"]
[WhiteElo "1974"]
[BlackElo "1611"]
[PlyCount "144"]
[EventDate "2012.??.??"]
[EventType "swiss"]
[EventRounds "6"]

1. e4 e5 2. Nf3 Nc6 3. Bc4 Bc5 4. O-O Nf6 5. d3 h6 6. c3 O-O 7. Nbd2 d5 8. Bb5
Bg4 9. Qc2 dxe4 10. dxe4 Ne7 11. Nxe5 c6 12. Bc4 b5 13. Bd3 Qc7 14. Ndf3 Bd6
15. Nxg4 Nxg4 16. h3 Nh2 17. Nxh2 Bxh2+ 18. Kh1 Ng6 19. Be3 a6 20. Be2 Rad8 21.
g3 Bxg3 22. fxg3 Qxg3 23. Rf3 Qh4 24. Rg1 Rfe8 25. Rg4 Qe7 26. Rf5 Ne5 27. Rxe5
Qxe5 28. Bd4 Rxd4 29. cxd4 Qxd4 30. Qxc6 Re6 31. Qc8+ Kh7 32. Qc2 Qe5 33. Bd3
g6 34. Qf2 Rf6 35. Qe2 h5 36. Rg1 Re6 37. Rf1 f5 38. Re1 Qg3 39. Qe3 Qe5 40.
Re2 Re7 41. Qf3 f4 42. Rf2 Rf7 43. Rc2 Rf6 44. Bf1 Kh6 45. Bg2 Rd6 46. Bf1 Re6
47. Bd3 Rd6 48. Bf1 Re6 49. Bg2 Rd6 50. Qf1 Re6 51. Qe2 Rd6 52. Bf3 Re6 53. Rd2
Qg5 54. Qd3 Qg3 55. Bg2 f3 56. Bxf3 Qxh3+ 57. Kg1 Qg3+ 58. Bg2 Qe1+ 59. Kh2
Qh4+ 60. Bh3 Qf4+ 61. Kg1 Rxe4 62. Rf2 Re1+ 63. Bf1 Qg5+ 64. Rg2 Qc5+ 65. Kh1
Re6 66. Qd2+ g5 67. Bd3 Rd6 68. Qe2 Qc1+ 69. Rg1 Qf4 70. Rf1 Qh4+ 71. Kg2 Qd4
72. Bc2 Qd5+ 1/2-1/2

[Event "Ct. Catalunya femeni"]
[Site "Lleida"]
[Date "????.??.??"]
[Round "1"]
[White "Ruiz Font, E."]
[Black "Marin Benito, C."]
[Result "1-0"]
[WhiteElo "2070"]
[BlackElo "1878"]
[PlyCount "41"]
[EventDate "2012.??.??"]
[EventType "swiss"]
[EventRounds "6"]

1. e4 e5 2. Bc4 Bc5 3. Nc3 Nf6 4. d3 c6 5. Nf3 d5 6. Bb3 dxe4 7. Ng5 O-O 8.
Ncxe4 Nxe4 9. Nxe4 Bd4 10. Qh5 Nd7 11. Bg5 Qa5+ 12. c3 Nc5 13. O-O Nxe4 14.
dxe4 Bc5 15. Rad1 Qc7 16. Rd3 Be7 17. Rfd1 h6 18. Bxh6 Bf6 19. Rg3 Qe7 20. Bxg7
Bxg7 21. Qg6 1-0

[Event "Ct. Catalunya femeni"]
[Site "Lleida"]
[Date "????.??.??"]
[Round "1"]
[White "Terrones Launes, M."]
[Black "Ros Alonso, J."]
[Result "1-0"]
[WhiteElo "1945"]
[BlackElo "1461"]
[PlyCount "95"]
[EventDate "2012.??.??"]
[EventType "swiss"]
[EventRounds "6"]

1. e4 e5 2. Nf3 Nc6 3. d4 exd4 4. Nxd4 Nf6 5. Nxc6 bxc6 6. e5 Qe7 7. Qe2 Nd5 8.
c4 Ba6 9. Qe4 Nf6 10. Qe2 Nd5 11. g3 g6 12. Nd2 Bg7 13. f4 O-O 14. Bg2 Rfe8 15.
O-O d6 16. Qf3 Nb6 17. exd6 Qxd6 18. f5 Bxc4 19. Nxc4 Nxc4 20. Qxc6 Qd4+ 21.
Kh1 Rad8 22. Bg5 Rc8 23. Rad1 Qg4 24. fxg6 hxg6 25. Bd5 Ne5 26. Qc1 c6 27. Bg2
Re6 28. Rd8+ Rxd8 29. Bxd8 Rd6 30. Bc7 Re6 31. Bxe5 Bxe5 32. Bxc6 Qe2 33. Bd5
Rd6 34. Bxf7+ Kg7 35. Qc4 Qxc4 36. Bxc4 Bxb2 37. Rf7+ Kh6 38. Rxa7 Rd1+ 39. Kg2
Bd4 40. Re7 Rg1+ 41. Kf3 Rh1 42. h4 Rc1 43. Bb3 Rc3+ 44. Kf4 Rc5 45. Re6 Rf5+
46. Kg4 Bf2 47. Bc2 Ra5 48. Rxg6+ 1-0

[Event "Ct. Catalunya femeni"]
[Site "Lleida"]
[Date "????.??.??"]
[Round "2"]
[White "Castillo Escario, Y."]
[Black "Ruiz Font, E."]
[Result "1/2-1/2"]
[WhiteElo "1947"]
[BlackElo "2070"]
[PlyCount "69"]
[EventDate "2012.??.??"]
[EventType "swiss"]
[EventRounds "6"]

1. e4 c5 2. Nf3 g6 3. d4 cxd4 4. Nxd4 Nc6 5. c4 Nf6 6. Nc3 d6 7. Be2 Bg7 8. Be3
O-O 9. O-O Bd7 10. Qd2 Nxd4 11. Bxd4 Bc6 12. f3 Nd7 13. Be3 a5 14. b3 Nc5 15.
Rab1 Qb6 16. Rfd1 Rfc8 17. a3 Qd8 18. b4 axb4 19. axb4 Na4 20. Nxa4 Bxa4 21.
Rdc1 Bd7 22. c5 dxc5 23. Rxc5 Rxc5 24. Bxc5 b6 25. Be3 Qc7 26. Rc1 Ra1 27. Rxa1
Bxa1 28. Qa2 Be5 29. h3 Qc3 30. Qd2 Qxd2 31. Bxd2 Bd4+ 32. Kf1 b5 33. Bd3 Kf8
34. Ke2 e5 35. Be3 1/2-1/2

[Event "Ct. Catalunya femeni"]
[Site "Lleida"]
[Date "????.??.??"]
[Round "2"]
[White "Marin Benito, C."]
[Black "Riera Morilla, E."]
[Result "0-1"]
[WhiteElo "1878"]
[BlackElo "1974"]
[PlyCount "70"]
[EventDate "2012.??.??"]
[EventType "swiss"]
[EventRounds "6"]

1. e4 c5 2. Nc3 g6 3. g3 Bg7 4. Bg2 Nc6 5. d3 e6 6. Be3 Nd4 7. Nce2 Ne7 8. Qd2
d5 9. exd5 Nxd5 10. c3 Nxe3 11. fxe3 Nf5 12. e4 Bh6 13. Nf4 e5 14. exf5 O-O 15.
Nf3 exf4 16. O-O Bxf5 17. Rfd1 Kg7 18. gxf4 Re8 19. Ng5 Qc7 20. Qf2 f6 21. Ne4
Bxf4 22. h4 c4 23. Qd4 Bxe4 24. dxe4 Rad8 25. Qxa7 Rd3 26. Rxd3 cxd3 27. Rd1 d2
28. a4 Qd7 29. Qf2 g5 30. hxg5 Bxg5 31. Qf3 Kh8 32. a5 Qa4 33. Qg4 Qxa5 34. Qd7
Be3+ 35. Kh1 Qh5+ 0-1

[Event "Ct. Catalunya femeni"]
[Site "Lleida"]
[Date "????.??.??"]
[Round "2"]
[White "Martin Dinares, S."]
[Black "Terrones Launes, M."]
[Result "1/2-1/2"]
[WhiteElo "1611"]
[BlackElo "1945"]
[PlyCount "81"]
[EventDate "2012.??.??"]
[EventType "swiss"]
[EventRounds "6"]

1. c4 e5 2. Nc3 Nc6 3. g3 d6 4. Bg2 Be6 5. d3 Qd7 6. e4 g6 7. h3 Bg7 8. Be3 Nd4
9. Nf3 h6 10. Bxd4 exd4 11. Ne2 c5 12. Nf4 Ne7 13. Nd2 O-O 14. O-O Nc6 15. Nxe6
Qxe6 16. f4 Qe7 17. a3 g5 18. f5 Be5 19. Qh5 Qf6 20. Qg4 h5 21. Qxh5 Bxg3 22.
Qg4 Bh4 23. Nf3 Ne5 24. Nxe5 dxe5 25. b4 Rfc8 26. b5 a6 27. a4 a5 28. Ra2 b6
29. Bh1 Kg7 30. Re2 Rh8 31. Rh2 Rad8 32. Kg2 Rd6 33. Kf3 Qh6 34. Ke2 Qh5 35.
Bf3 Qxg4 36. Bxg4 Bg3 37. Rg2 Bf4 38. Kd1 Rdh6 39. Rh1 Rh4 40. Ke2 f6 41. Kd1
1/2-1/2

[Event "Ct. Catalunya femeni"]
[Site "Lleida"]
[Date "????.??.??"]
[Round "2"]
[White "Ros Alonso, J."]
[Black "Arno Bendicho, X."]
[Result "1/2-1/2"]
[WhiteElo "1461"]
[BlackElo "1629"]
[PlyCount "173"]
[EventDate "2012.??.??"]
[EventType "swiss"]
[EventRounds "6"]

1. e4 c5 2. Nc3 Nc6 3. g3 g6 4. Bg2 Bg7 5. d3 e6 6. Be3 d6 7. Qd2 a6 8. Nf3 Nd4
9. O-O b5 10. Rab1 Ne7 11. Bh6 O-O 12. Bxg7 Nxf3+ 13. Bxf3 Kxg7 14. d4 c4 15.
d5 Bb7 16. Rbd1 e5 17. b3 Rc8 18. Bg2 Qc7 19. Rc1 h6 20. f4 f6 21. Bh3 Rcd8 22.
g4 Kh7 23. Kh1 Bc8 24. Qg2 Rg8 25. fxe5 dxe5 26. Rxf6 Rgf8 27. Qf3 Rxf6 28.
Qxf6 Ng8 29. Qf2 Rd7 30. g5 Rf7 31. Qg2 Bxh3 32. Qxh3 h5 33. Qe6 Kg7 34. d6 Qc6
35. Qxe5+ Kf8 36. bxc4 Qxc4 37. Rg1 b4 38. Nd5 Qe2 39. Nf4 Qf3+ 40. Ng2 h4 41.
h3 Qxh3+ 42. Qh2 Qf3 43. Qxh4 Rd7 44. Qf4+ Qxf4 45. Nxf4 Rxd6 46. Rf1 Ke7 47.
e5 Rc6 48. Nd5+ Ke6 49. Nxb4 Rb6 50. Nd3 Rc6 51. Rf2 Rc4 52. Re2 Ne7 53. Kg2
Kf5 54. Ne1 Rg4+ 55. Kh3 Rxg5 56. Rf2+ Ke4 57. Re2+ Kd5 58. Nf3 Rh5+ 59. Kg4
Nc6 60. e6 Kd6 61. Ng5 Rh1 62. Rd2+ Ke7 63. Rd7+ Kf6 64. Rf7+ Ke5 65. e7 Nxe7
66. Rxe7+ Kd4 67. Nf3+ Kc3 68. Rc7+ Kb2 69. Rc6 a5 70. Ra6 Rh5 71. c4 Rc5 72.
Nd2 Kxa2 73. Kf4 Kb2 74. Rxg6 a4 75. Rg2 Ka3 76. Ke4 Kb4 77. Kd4 a3 78. Rg1 Ra5
79. Rb1+ Ka4 80. Ra1 Rh5 81. c5 Rh4+ 82. Ne4 Kb3 83. Rxa3+ Kxa3 84. c6 Rh8 85.
Kd5 Rc8 86. Kd6 Rxc6+ 87. Kxc6 1/2-1/2